000 00447nmm a2200157Ia 4500
008 251105s9999||||xx |||||||||||||||||und||
020 _a9788467182415
041 _apor
100 _aRoe, Paula
245 0 _aMagnata procura esposa
264 _a[Madrid, España] :
_bHarlequin,
_c[Fecha de publicación no identificada]
300 _a0 páginas
650 _aRomance
856 _uhttps://public.digitaliapublishing.com/a/95622
942 _cCF
999 _c83598
_d83598